000 01158nam a22003377a 4500
003 CHAP
005 20220329140337.0
008 971013s1984 r 00010 d
010 _a50727
011 _a51699
035 _a55849
040 _cCHAP
090 _aTesis
100 0 0 _aRodríguez González, José de Jesús.
_998546
245 _aEstudio experimental de la obra de excedencias de la Presa Erendira en el estado de Guerrero
260 _aChapingo, Méx. :
_bEl autor,
_c1984
300 _a87 h.
_b: ilus. ; gráfs.
502 _aTesis (Ing. Agr. Esp. en Irrigación) -- UACH. Departamento de Irrigación
590 _aALEPH
_b10
_c20130110
_lUCH01
_h1325
590 _aBATCH-UPD
_b10
_c20130110
_lUCH01
_h0619
590 _aBATCH-UPD
_b10
_c20130410
_lUCH01
_h0301
590 _aBATCH-UPD
_b10
_c20130914
_lUCH01
_h1935
590 _aCONVERSION
_b10
_c20130109
_lUCH01
_h1328
650 1 4 _aPresa Erendira, Gro.
_991436
650 1 4 _aPresas
_xGuerrero.
_991488
901 _aBK
942 _cFOLL
949 _bBC
_cTES
_d-122312
_eTS1
_i55849
_si
949 _bBC
_cTES
_d-122313
_eTS2
_fc.2
_i55849
_si
949 _bBC
_cTES
_d-122314
_eTS2
_fc.3
_i55849
_si
999 _c50727
_d50727